| 000 | 00779nam a2200229 a 4500 | ||
|---|---|---|---|
| 005 | 20210223124833.0 | ||
| 008 | 030218s1998 mx r 000 0 spa d | ||
| 020 | _a9706251766 | ||
| 035 | _aUPN01000122031 | ||
| 049 | _aCG | ||
| 050 | 4 |
_aHF5547 _bM3.28 |
|
| 100 | 1 | _aManning, Marilyn | |
| 245 | 1 | 0 |
_aAdministración eficiente de oficinas : _buna guía de productividad y eficiencia / _cMarilyn Manning, Patricia Haddock ; ed. Nicolas Grepe Philp ; tr. Jaime Schlittler. |
| 260 |
_aMéxico : _bIberoamérica : _c1998. |
||
| 300 |
_aix, 81 p. : _bil. |
||
| 440 | 0 | _a50 minutos | |
| 534 |
_pTraducción de: _tOffice management |
||
| 650 | 4 |
_aOFICINAS - _xADMINISTRACION _922812 |
|
| 700 | 1 |
_aHaddock, Patricia, _ecoaut. |
|
| 700 | 1 |
_aPhil, Nicolas Grepe, _eed. |
|
| 905 | _aLibro | ||
| 999 |
_c94233 _d94233 |
||